| 000 | 02189nam a2200289Ia 4500 | ||
|---|---|---|---|
| 999 |
_c54160 _d54160 |
||
| 001 | 21216 | ||
| 003 | GE_BSU | ||
| 005 | 20210920121612.0 | ||
| 008 | 181216s2016||||ge |||||||||||||| ||geo|| | ||
| 020 | _a9789941135569 | ||
| 040 | _cGE_BSU | ||
| 041 | _ageo | ||
| 080 | _a330.34(075.8) ა-15 | ||
| 100 |
_aაბესაძე, რამაზ _9905 |
||
| 245 |
_aეკონომიკური განვითარების თეორია = Theory of Economic Development / _cრამაზ აბესაძე ; სამეცნიერო რედაქტორი როზეტა ასათიანი. |
||
| 264 |
_aთბილისი : _bთსუ გამ-ბის სტამბა, _c2016. |
||
| 300 |
_a214 გვ. ; _c20 სმ. |
||
| 500 | _aსახელმძღვანელო განკუთვნილია მაგისტრანტებისა და დოქტორანტებისათვის,რომლებიც შეისწავლიან დისციპლინას ეკონომიკური განვითარების თეორია" მასში განხილულია ეკონომიკური განვითარების თეორიული ხასიათის საკითხები | ||
| 504 | _aბიბლიოგრ. : გვ. 192-212 | ||
| 541 | _h5ლ.10თ. | ||
| 546 | _aდამატებითი სატიტულო გვერდი ინგლისურ ენაზე | ||
| 653 | _aეკონომიკა | ||
| 653 | _aეკონომიკური განვითარება | ||
| 700 |
_aასათიანი, როზეტა _eსამეცნიერო რედაქტორი _912500 |
||
| 710 |
_aივანე ჯავახიშვილის სახელობის თბილისის სახელმწიფო უნივერსიტეტი _eპაატა გუგუშვილის სახელობის ეკონომიკის ინსტიტუტი _912501 |
||
| 942 |
_cBK _2udc |
||